[Event "Cairo Al Ain op"]
[Site "Cairo"]
[Date "2023.11.27"]
[Round "1"]
[White "Amir, Robeir"]
[Black "Fawzy, Adham"]
[Result "0-1"]
[WhiteElo "1208"]
[BlackElo "2553"]
[PlyCount "74"]
[EventDate "2023.11.27"]
[EventType "swiss"]
[EventRounds "10"]
[EventCountry "EGY"]
[SourceTitle "CB49_2023"]
[SourceDate "2023.12.06"]
[SourceVersion "1"]
[SourceVersionDate "2023.12.06"]
[SourceQuality "1"]

1. e4 c5 2. Nf3 Nc6 3. Nc3 Nf6 4. Bc4 e6 5. d4 d5 6. exd5 exd5 7. Bb5 cxd4 8. Nxd4 Bd7 9. Nxc6 bxc6 10. Be2 Bd6 11. 0-0 0-0 12. Bg5 Rb8 13. b3 Be5 14. Qd3 Bxc3 15. Qxc3 Ne4 16. Bxd8 Nxc3 17. Be7 Nxe2+ 18. Kh1 Rbc8 19. Bd6 Rfe8 20. Rfe1 Nd4 21. c3 Nc2 22. Rxe8+ Rxe8 23. Rc1 Re1+ 24. Rxe1 Nxe1 25. Kg1 Nd3 26. Kf1 c5 27. a3 f6 28. Ke2 Nc1+ 29. Kd2 Nxb3+ 30. Kc2 c4 31. Bb4 Bf5+ 32. Kd1 a5 33. Bd6 d4 34. cxd4 g5 35. Bc5 c3 36. a4 c2+ 37. Ke1 c1Q+ 0-1